[Event "Corumba IRT Benedito"]
[Site "Corumba"]
[Date "2018.09.08"]
[Round "4.4"]
[White "Figueiredo, Felipe De"]
[Black "Senna, Vinicius Furtado"]
[Result "1-0"]
[WhiteElo "1633"]
[BlackElo "1751"]
[PlyCount "97"]
[EventDate "2018.09.07"]
[EventType "swiss"]
[EventRounds "5"]
[EventCountry "BRA"]
[SourceTitle "EXT 2022"]
[Source "ChessBase"]
[SourceDate "2021.10.06"]
[SourceVersion "1"]
[SourceVersionDate "2021.10.06"]
[SourceQuality "1"]

1. c4 e5 2. Nc3 Nf6 3. Nf3 Nc6 4. a3 a5 5. e4 Bc5 6. Nxe5 Bxf2+ 7. Kxf2 Nxe5 8. h3 0-0 9. d4 Ng6 10. g4 Ne8 11. h4 Qf6+ 12. Qf3 Qxd4+ 13. Be3 Qf6 14. Qxf6 Nxf6 15. g5 Ng4+ 16. Ke2 Nxe3 17. Kxe3 c6 18. c5 Ne5 19. Be2 Rb8 20. Na4 f5 21. Kf4 Ng6+ 22. Kf3 fxe4+ 23. Ke3 d5 24. cxd6 b5 25. Nc5 Ne5 26. Kxe4 Nd7 27. Rac1 Nxc5+ 28. Rxc5 Bd7 29. Rf1 Rbe8+ 30. Kd3 Rxf1 31. Bxf1 Re6 32. Kc3 Rxd6 33. a4 Rd1 34. Bd3 Rc1+ 35. Bc2 Rg1 36. axb5 cxb5 37. Rd5 Be6 38. Rxb5 Rg3+ 39. Kd2 g6 40. Rxa5 Rf3 41. Ra8+ Kg7 42. Ra7+ Kf8 43. Rxh7 Rf2+ 44. Kc3 Rf3+ 45. Kd4 Bf5 46. Bxf5 Rxf5 47. b4 Rb5 48. Kc4 Rb8 49. Rh8+ 1-0

[Event "Corumba Nunes de Caceres Memorial"]
[Site "Corumba"]
[Date "2015.10.16"]
[Round "1.2"]
[White "Figueiredo, Felipe De"]
[Black "De Abreu, Vitor Lourenco Marc"]
[Result "1/2-1/2"]
[WhiteElo "1766"]
[BlackElo "1685"]
[PlyCount "27"]
[EventDate "2015.10.16"]
[EventType "tourn"]
[EventRounds "11"]
[EventCountry "BRA"]
[SourceTitle "EXT 2022"]
[Source "ChessBase"]
[SourceDate "2021.10.06"]
[SourceVersion "1"]
[SourceVersionDate "2021.10.06"]
[SourceQuality "1"]

1. e4 e5 2. Nf3 Nc6 3. d4 exd4 4. Nxd4 Qh4 5. Nxc6 Qxe4+ 6. Qe2 Qxe2+ 7. Bxe2 dxc6 8. 0-0 Bd6 9. Re1 Ne7 10. Nc3 0-0 11. a3 Bf5 12. Bd3 Bxd3 13. cxd3 Rad8 14. Ne4 1/2-1/2